The Principles of educational leadership and management / (Record no. 4263)

MARC details
000 -LEADER
fixed length control field 00791nam a22002412 4500
001 - CONTROL NUMBER
control field 0000021242
005 - DATE AND TIME OF LATEST TRANSACTION
control field 20151217145932.0
008 - FIXED-LENGTH DATA ELEMENTS--GENERAL INFORMATION
fixed length control field 120207s xx 000 0 eng d
020 ## - INTERNATIONAL STANDARD BOOK NUMBER
International Standard Book Number 1848602106 :
040 ## - CATALOGING SOURCE
Original cataloging agency KABU
Transcribing agency KABU
245 14 - TITLE STATEMENT
Title The Principles of educational leadership and management /
Statement of responsibility, etc. edited by Tony Bush, Les Bell and David Middlewood.
250 ## - EDITION STATEMENT
Edition statement 2nd ed.
260 ## - PUBLICATION, DISTRIBUTION, ETC. (IMPRINT)
Place of publication, distribution, etc. London :
Name of publisher, distributor, etc. Sage,
Date of publication, distribution, etc. 2002.
300 ## - PHYSICAL DESCRIPTION
Extent xvi, 300 p.
650 #0 - SUBJECT ADDED ENTRY--TOPICAL TERM
Topical term or geographic name as entry element School management and organization.
-- 0000153662
650 #0 - SUBJECT ADDED ENTRY--TOPICAL TERM
Topical term or geographic name as entry element Educational leadership.
-- 0000158737
700 1# - ADDED ENTRY--PERSONAL NAME
Personal name Bush, Tony.
-- 0000182037
700 1# - ADDED ENTRY--PERSONAL NAME
Personal name Bell, Les.
-- 0000182038
700 1# - ADDED ENTRY--PERSONAL NAME
Personal name Middlewood, David.
-- 0000182039
852 1# - LOCATION
-- p5198.40 KES
908 ## - PUT COMMAND PARAMETER (RLIN)
Put command parameter 120207
950 ## - LOCAL HOLDINGS (RLIN)
-- 1
Holdings
Withdrawn status Lost status Source of classification or shelving scheme Not for loan Home library Current library Date acquired Total Checkouts Full call number Barcode Date last seen Date last checked out Price effective from Koha item type
    Library of Congress Classification   Kabarak, Main Campus Kabarak, Main Campus 17/12/2015 3 LB2805 .B87 2002 c. 1 20560 28/07/2021 30/06/2021 17/12/2015 General Collection
Designed with assistance from East African Informatics Ltd